| 000 | 00387nam a2200157Ia 4500 | ||
|---|---|---|---|
| 008 | 230312s9999||||xx |||||||||||||| ||und|| | ||
| 020 | _a1-921190-53-7 | ||
| 082 |
_a808.042 _bHAL-N |
||
| 100 | _aHall;Bronwyn | ||
| 245 | 0 | _aNight Before Essay Planner | |
| 260 |
_bFairfax _aAustralia _c2009 |
||
| 300 | _a174 | ||
| 546 | _aEng. | ||
| 650 |
_aLiterature _vEnglish Literature |
||
| 942 | _cBK | ||
| 999 |
_c9324 _d9324 |
||